000 00333nam a22001457a 4500
008 221121b ||||| |||| 00| 0 eng d
020 _a9780323328524
041 _aeng
080 _210TH EDITION
_a610.73
082 _a610.73 LEW
100 _a8
101 _aINF
245 _aMEDICAL SURGICAL NURSING
_cLEWIS
942 _2udc
_cBK
999 _c58993
_d58993